[Event "Meltwater Tour Final 2021"]
[Site "chess24.com INT"]
[Date "2021.09.28"]
[Round "4.1"]
[White "Vachier-Lagrave, Maxime"]
[Black "Mamedyarov, Shakhriyar"]
[Result "1/2-1/2"]
[WhiteTitle "GM"]
[BlackTitle "GM"]
[WhiteElo "2763"]
[BlackElo "2762"]
[WhiteFideId "623539"]
[BlackFideId "13401319"]
[EventDate "2021.09.25"]

1. e4 e5 2. Nf3 Nc6 3. Bb5 a6 4. Ba4 Nf6 5. O-O Be7 6. Re1 b5 7. Bb3 d6 8. c3
O-O 9. h3 Nb8 10. d4 Nbd7 11. c4 c6 12. c5 Qc7 13. cxd6 Bxd6 14. Nc3 exd4 15.
Nxd4 Nc5 16. Nf3 Nxb3 17. axb3 Nd7 18. Be3 Re8 19. Rc1 Bb7 20. Nd4 g6 21. Nd5
Bh2+ 22. Kh1 Qd6 23. Nc3 Be5 24. Nf3 Rad8 25. Nxe5 Nxe5 26. Qxd6 Rxd6 27. f4 Nd3
28. e5 Rde6 29. Ne4 f6 30. Nc5 Nxc5 31. Bxc5 fxe5 32. Rcd1 e4 33. Re3 Rf6 34. g3
Bc8 35. Kg2 Rf5 36. b4 Be6 37. Rd6 Rd5 38. Rxd5 Bxd5 39. g4 Kf7 40. Kg3 Ke6 41.
Ra3 Ra8 42. Kf2 Bc4 43. Ke3 Kd5 44. Bb6 h5 45. Bd4 c5 46. Bxc5 a5 47. b3 Bd3 48.
gxh5 gxh5 49. f5 a4 50. Kf4 axb3 51. Rxb3 Ra1 52. Rb2 Rf1+ 53. Rf2 Rxf2+ 54.
Bxf2 Kd6 55. Bc5+ Kd7 56. Kg5 e3 57. Bxe3 Ke8 58. Kg6 Kf8 59. Bc5+ Kg8 60. h4
Bc2 61. Kf6 Bd3 62. Kg6 Bc2 63. Kf6 Bd3 64. Bd4 Bc2 65. Kg5 Kf7 66. f6 Bd1 67.
Bc5 Be2 68. Bd4 Bd1 69. Bc5 Be2 70. Bd4 Bd1 1/2-1/2

[Event "Meltwater Tour Final 2021"]
[Site "chess24.com INT"]
[Date "2021.09.28"]
[Round "4.2"]
[White "Carlsen, Magnus"]
[Black "Artemiev, Vladislav"]
[Result "0-1"]
[WhiteTitle "GM"]
[BlackTitle "GM"]
[WhiteElo "2855"]
[BlackElo "2699"]
[WhiteFideId "1503014"]
[BlackFideId "24101605"]
[EventDate "2021.09.25"]

1. e4 c5 2. Nf3 e6 3. b3 a6 4. Bb2 Nc6 5. d4 cxd4 6. Nxd4 Qf6 7. Be2 Bc5 8. c3
e5 9. Nf3 Nge7 10. O-O O-O 11. b4 Ba7 12. a4 Ng6 13. Bc1 h6 14. Na3 Rd8 15. Be3
d5 16. exd5 e4 17. Nd2 Rxd5 18. b5 Bxe3 19. fxe3 Qxc3 20. Nac4 Nce5 21. Nxe4
Rxd1 22. Nxc3 Rxa1 23. Rxa1 Nxc4 24. Bxc4 Ne5 25. Bd5 axb5 26. Nxb5 Ra6 27. Rc1
Bd7 28. Bb3 Be6 29. Nc7 Bxb3 30. Nxa6 bxa6 31. Rc8+ Kh7 32. a5 Bc4 33. Kf2 Bb5
34. Rc2 Nc4 35. Ra2 Kg6 36. Kf3 Kf5 37. g4+ Ke5 38. h3 g5 39. Kf2 f5 40. gxf5
Kxf5 41. Ra1 Ke5 42. h4 g4 43. Rc1 h5 44. Rd1 Nd6 45. Rc1 Bc4 46. Rb1 Nf5 47.
Rb7 g3+ 48. Kg1 Nxh4 49. Rh7 Be2 50. Rg7 0-1

[Event "Meltwater Tour Final 2021"]
[Site "chess24.com INT"]
[Date "2021.09.28"]
[Round "4.2"]
[White "Aronian, Levon"]
[Black "Giri, Anish"]
[Result "1-0"]
[WhiteTitle "GM"]
[BlackTitle "GM"]
[WhiteElo "2782"]
[BlackElo "2777"]
[WhiteFideId "13300474"]
[BlackFideId "24116068"]
[EventDate "2021.09.25"]

1. e4 c5 2. Nf3 d6 3. d4 cxd4 4. Nxd4 Nf6 5. Nc3 a6 6. f3 e5 7. Nb3 Be6 8. Be3
h5 9. Nd5 Bxd5 10. exd5 Nbd7 11. Qd2 g6 12. O-O-O Bg7 13. Kb1 Rc8 14. h4 Nb6 15.
Qa5 Qc7 16. c3 Nc4 17. Qxc7 Rxc7 18. Bxc4 Rxc4 19. Na5 Rc7 20. Bb6 Rd7 21. c4
O-O 22. Rhe1 Re8 23. Kc2 e4 24. b4 exf3 25. Rxe8+ Nxe8 26. gxf3 Bf6 27. c5 dxc5
28. bxc5 Bxh4 29. d6 Kh7 30. Nc4 Bg3 31. Ba5 h4 32. Nb6 Rd8 33. Nd5 Rd7 34. f4
g5 35. Nb6 Rd8 36. Nc4 Rd7 37. fxg5 h3 38. Nb6 Rd8 39. Nd5 Rd7 40. Kd3 h2 41.
Nb6 Rd8 42. Nc4 Rd7 43. Ke2 f6 44. Kf3 Bh4 45. Rh1 Bxg5 46. Rxh2+ Kg6 47. Rh8
Ng7 48. Nb6 Rf7 49. d7 f5 50. d8=Q Bxd8 51. Rxd8 f4 52. Rd6+ Kf5 53. Bc3 Ne6 54.
Rd5+ Kg6 55. Nc4 Rc7 56. Ne5+ Kf6 57. Nd3+ Ke7 58. Be5 Rd7 59. Bd6+ Kf6 60. Nxf4
Ng5+ 61. Kg4 Nf7 62. Rf5+ Kg7 63. Nh5+ Kh8 64. Be5+ Nxe5+ 65. Rxe5 Rd2 66. Re7 1-0

[Event "Meltwater Tour Final 2021"]
[Site "chess24.com INT"]
[Date "2021.09.28"]
[Round "4.2"]
[White "Mamedyarov, Shakhriyar"]
[Black "Vachier-Lagrave, Maxime"]
[Result "0-1"]
[WhiteTitle "GM"]
[BlackTitle "GM"]
[WhiteElo "2762"]
[BlackElo "2763"]
[WhiteFideId "13401319"]
[BlackFideId "623539"]
[EventDate "2021.09.25"]

1. d4 Nf6 2. Nf3 g6 3. Nbd2 d5 4. c4 Bg7 5. cxd5 Nxd5 6. e4 Nb6 7. Nb3 a5 8. Be3
O-O 9. Be2 a4 10. Nc5 N8d7 11. Qc2 c6 12. O-O Nxc5 13. Qxc5 Bg4 14. Rfd1 Nd7 15.
Qc2 Qa5 16. h3 Bxf3 17. Bxf3 e6 18. Rac1 Rfd8 19. a3 Nf6 20. Rd3 Ne8 21. Rcd1
Nd6 22. h4 h5 23. g3 Rd7 24. Kg2 Rad8 25. Bg5 Rc8 26. Qe2 Qb6 27. Be3 Nc4 28.
Rc1 Nxe3+ 29. fxe3 e5 30. d5 Rcd8 31. Rc4 f5 32. Rb4 Qa6 33. Rd2 Qxe2+ 34. Bxe2
fxe4 35. Rxe4 b5 36. Kf2 Rxd5 37. Rxd5 Rxd5 38. Ke1 Bf6 39. Bd1 Bd8 40. Ke2 Kg7
41. Bc2 Ba5 42. Bd3 Kf6 43. g4 Rd8 0-1

[Event "Meltwater Tour Final 2021"]
[Site "chess24.com INT"]
[Date "2021.09.28"]
[Round "4.2"]
[White "Duda, Jan-Krzysztof"]
[Black "Radjabov, Teimour"]
[Result "1/2-1/2"]
[WhiteTitle "GM"]
[BlackTitle "GM"]
[WhiteElo "2756"]
[BlackElo "2763"]
[WhiteFideId "1170546"]
[BlackFideId "13400924"]
[EventDate "2021.09.25"]

1. e4 c5 2. Nf3 Nc6 3. Bb5 g6 4. O-O Bg7 5. c3 a6 6. Bxc6 dxc6 7. h3 Qd3 8. Re1
e5 9. b4 cxb4 10. cxb4 Ne7 11. Bb2 f6 12. Re3 Qd8 13. Qb3 a5 14. d4 exd4 15.
Bxd4 axb4 16. Qxb4 Be6 17. Nc3 O-O 18. Qxb7 Rb8 19. Qa7 Ra8 20. Qc5 Ra5 21. Qb4
c5 22. Bxc5 Nc6 23. Qb6 Qxb6 24. Bxb6 Ra6 25. Bc5 Rfa8 26. a4 Bb3 27. Nd5 Rxa4
28. Rxa4 Bxa4 29. Ra3 Ra5 30. Bb6 Ra6 31. Nd4 Nb8 32. Ne6 Bc6 33. Ne7+ Kf7 34.
Rxa6 Nxa6 35. Nxc6 Kxe6 36. f4 f5 37. e5 Kd5 38. Ne7+ Ke6 39. Nc6 Kd5 40. Nd4
Nb8 41. Nf3 Nd7 42. Be3 Nf8 43. Kf2 Ne6 44. g3 Bf8 45. Ke2 Ke4 46. Nd2+ Kd5 47.
Kd3 Be7 48. Nc4 Bc5 49. Nb2 Bb4 50. Ke2 Bc3 51. Nd3 Ba5 52. Kf3 h5 53. Nb2 Bd8
54. Nd1 g5 55. Bd2 g4+ 56. hxg4 hxg4+ 57. Ke2 Bb6 58. Be3 Ba5 59. Kd3 Be1 60.
Bf2 Nc5+ 61. Bxc5 Kxc5 62. Ne3 Bxg3 63. e6 Kc6 64. Nxf5 Bxf4 65. Ke4 g3 66. Kxf4
g2 67. Nd4+ Kd6 68. Nf3 g1=R 69. Nxg1 Kxe6 1/2-1/2

[Event "Meltwater Tour Final 2021"]
[Site "chess24.com INT"]
[Date "2021.09.28"]
[Round "4.3"]
[White "Radjabov, Teimour"]
[Black "Duda, Jan-Krzysztof"]
[Result "0-1"]
[WhiteTitle "GM"]
[BlackTitle "GM"]
[WhiteElo "2763"]
[BlackElo "2756"]
[WhiteFideId "13400924"]
[BlackFideId "1170546"]
[EventDate "2021.09.25"]

1. Nf3 Nf6 2. c4 e6 3. Nc3 d5 4. d4 c6 5. Bg5 Nbd7 6. e3 h6 7. Bh4 g5 8. Bg3 Nh5
9. Qc2 Nxg3 10. hxg3 Bg7 11. Be2 a6 12. a3 b5 13. cxd5 cxd5 14. e4 dxe4 15. Nxe4
Qb6 16. Nc5 Bb7 17. O-O Rc8 18. b4 Bxf3 19. Bxf3 Bxd4 20. Nxd7 Kxd7 21. Qd2 Ke7
22. Rac1 Rc4 23. Be2 Rxc1 24. Qxc1 Kf6 25. Bh5 Rd8 26. Kh2 Kg7 27. f4 Bf6 28.
Rd1 gxf4 29. gxf4 Qf2 30. Rxd8 Qh4+ 31. Kg1 Bxd8 32. Qc3+ Bf6 33. Qf3 Qe1+ 34.
Kh2 Qh4+ 35. Kg1 Bd4+ 36. Kf1 Qh1+ 37. Ke2 Qc1 38. f5 Qc2+ 39. Kf1 exf5 40. Qg3+
Kh7 41. Bxf7 Qd1+ 42. Qe1 Qd3+ 43. Qe2 Qb1+ 44. Qe1 Qd3+ 45. Qe2 Qxa3 46. Qc2
Kg7 47. Qxf5 Qc1+ 48. Ke2 Qe3+ 49. Kd1 Qg1+ 50. Ke2 Qe3+ 51. Kd1 Qg1+ 52. Ke2
Qxg2+ 53. Kd3 Qg1 54. Be6 Qe3+ 55. Kc2 Qe2+ 56. Kc1 Qe1+ 57. Kc2 Qe2+ 58. Kc1
Qe3+ 59. Kd1 h5 60. Bd5 Bc3 61. Qf7+ Kh6 62. Qf8+ Kg5 63. Qg8+ Kh4 64. Qd8+ Kh3
65. Qd7+ Kh2 66. Bb7 Bxb4 67. Qc7+ Kh3 68. Qd7+ Kg3 69. Qc7+ Kh3 70. Qd7+ Kh4
71. Qd8+ Be7 72. Qd5 b4 73. Qc4+ Kg3 74. Bxa6 Bc5 75. Kc2 h4 76. Bb7 h3 77. Qg8+
Kf2 78. Qf7+ Ke1 79. Qd5 Qe2+ 80. Kb3 Qd1+ 81. Kc4 Qxd5+ 82. Bxd5 h2 0-1

[Event "Meltwater Tour Final 2021"]
[Site "chess24.com INT"]
[Date "2021.09.28"]
[Round "4.3"]
[White "Giri, Anish"]
[Black "Aronian, Levon"]
[Result "0-1"]
[WhiteTitle "GM"]
[BlackTitle "GM"]
[WhiteElo "2777"]
[BlackElo "2782"]
[WhiteFideId "24116068"]
[BlackFideId "13300474"]
[EventDate "2021.09.25"]

1. e4 e5 2. Nf3 Nf6 3. d4 Nxe4 4. Bd3 Nc6 5. Nxe5 Nxe5 6. dxe5 Nc5 7. Bc4 c6 8.
O-O d5 9. exd6 Bxd6 10. Re1+ Be6 11. Bxe6 Nxe6 12. Nd2 Qc7 13. Nf3 Rd8 14. Qe2
O-O 15. Be3 Qa5 16. Qc4 Qb4 17. Qxb4 Bxb4 18. Re2 a6 19. g3 Ba5 20. c3 Rd5 21.
Rd2 Rxd2 22. Nxd2 Rd8 23. Nc4 Bc7 24. a4 Kf8 25. Kf1 Ke7 26. Ke2 Rd5 27. f4 g6
28. Nd2 h5 29. Nf3 a5 30. b4 axb4 31. cxb4 f6 32. Rb1 Bd6 33. Bd2 g5 34. fxg5
fxg5 35. Bc3 h4 36. Be1 h3 37. Bf2 g4 38. Ne1 Ng5 39. Rb3 Ne4 40. Nd3 Rf5 41.
Be1 Rf3 42. Rb1 Bxg3 43. Nc5 Bf4 44. Bh4+ Kf7 45. Nxe4 Re3+ 46. Kf2 Rxe4 47. Bg3
Kg6 48. a5 Bxg3+ 49. Kxg3 Kg5 50. b5 Re2 0-1

[Event "Meltwater Tour Final 2021"]
[Site "chess24.com INT"]
[Date "2021.09.28"]
[Round "4.3"]
[White "Artemiev, Vladislav"]
[Black "Carlsen, Magnus"]
[Result "1/2-1/2"]
[WhiteTitle "GM"]
[BlackTitle "GM"]
[WhiteElo "2699"]
[BlackElo "2855"]
[WhiteFideId "24101605"]
[BlackFideId "1503014"]
[EventDate "2021.09.25"]

1. e4 c5 2. Nc3 Nc6 3. Bb5 Nd4 4. Nf3 a6 5. Bd3 Nc6 6. O-O d6 7. Bc4 e6 8. d4
cxd4 9. Nxd4 Nf6 10. Nxc6 bxc6 11. Re1 e5 12. Bg5 Be7 13. Qd3 h6 14. Bd2 O-O 15.
h3 a5 16. Bb3 Qc7 17. Rad1 Be6 18. Na4 d5 19. Qg3 Nxe4 20. Rxe4 dxe4 21. Bxh6
Bf6 22. Bxe6 fxe6 23. Nc5 Rad8 24. Re1 Qf7 25. Nxe4 Be7 26. Re3 Kh7 27. Bg5 Kg8
28. Bh6 Kh7 29. Bg5 Kg8 30. Bh6 1/2-1/2

[Event "Meltwater Tour Final 2021"]
[Site "chess24.com INT"]
[Date "2021.09.28"]
[Round "4.3"]
[White "Vachier-Lagrave, Maxime"]
[Black "Mamedyarov, Shakhriyar"]
[Result "0-1"]
[WhiteTitle "GM"]
[BlackTitle "GM"]
[WhiteElo "2763"]
[BlackElo "2762"]
[WhiteFideId "623539"]
[BlackFideId "13401319"]
[EventDate "2021.09.25"]

1. e4 c5 2. Nf3 e6 3. d4 cxd4 4. Nxd4 Nf6 5. Nc3 Nc6 6. Ndb5 d6 7. Bf4 e5 8. Bg5
a6 9. Na3 Be6 10. Nc4 Rb8 11. Bd3 Be7 12. Bxf6 Bxf6 13. O-O O-O 14. a4 Bg5 15.
Nd5 Bxd5 16. exd5 Ne7 17. a5 f5 18. Nb6 e4 19. Be2 Ng6 20. b4 Ne5 21. c4 f4 22.
Bg4 Kh8 23. Ra3 e3 24. c5 Qe7 25. Bh3 Rbe8 26. Qc2 Bh4 27. fxe3 fxe3 28. g3
Rxf1+ 29. Bxf1 Nf3+ 30. Kh1 Ne1 31. Qc4 Rf8 32. Be2 Qe5 33. Qxh4 h6 34. cxd6 Rf2
35. Qe7 Qh5 36. h4 Qxe2 37. Qe8+ Kh7 38. Qe4+ Kh8 39. Qe8+ Kh7 40. Qe4+ Kg8 0-1

[Event "Meltwater Tour Final 2021"]
[Site "chess24.com INT"]
[Date "2021.09.28"]
[Round "4.4"]
[White "Aronian, Levon"]
[Black "Giri, Anish"]
[Result "1-0"]
[WhiteTitle "GM"]
[BlackTitle "GM"]
[WhiteElo "2782"]
[BlackElo "2777"]
[WhiteFideId "13300474"]
[BlackFideId "24116068"]
[EventDate "2021.09.25"]

1. d4 d5 2. c4 e6 3. Nf3 c6 4. e3 Bd6 5. Nc3 f5 6. Ne5 Nf6 7. Be2 O-O 8. O-O Bd7
9. f4 Be8 10. Bd2 Nbd7 11. Be1 a5 12. Rc1 Ne4 13. Nxe4 dxe4 14. c5 Be7 15. Qb3
Nxe5 16. dxe5 Qc8 17. Bg3 h6 18. Rfd1 Kh7 19. Rd6 Bf7 20. a4 Bxd6 21. cxd6 Rg8
22. Qb6 g5 23. Rc5 Rg7 24. Rxa5 Rxa5 25. Qxa5 Qe8 26. Qb6 Bh5 27. Bc4 Bd1 28. b3
Bc2 29. a5 gxf4 30. exf4 Qh5 31. Qe3 Qd1+ 32. Qe1 Qd4+ 33. Bf2 Qb2 34. Bxe6 e3
35. Qxe3 Be4 36. g3 Qb1+ 37. Be1 Qd1 38. Bc4 h5 39. Qe2 Qd4+ 40. Kf1 Kh6 41. Qd2
Qxd2 42. Bxd2 h4 43. e6 hxg3 44. hxg3 1-0

[Event "Meltwater Tour Final 2021"]
[Site "chess24.com INT"]
[Date "2021.09.28"]
[Round "4.4"]
[White "Mamedyarov, Shakhriyar"]
[Black "Vachier-Lagrave, Maxime"]
[Result "1-0"]
[WhiteTitle "GM"]
[BlackTitle "GM"]
[WhiteElo "2762"]
[BlackElo "2763"]
[WhiteFideId "13401319"]
[BlackFideId "623539"]
[EventDate "2021.09.25"]

1. d4 Nf6 2. Nf3 g6 3. Nbd2 d5 4. c4 c6 5. e3 Bg7 6. Be2 O-O 7. O-O a5 8. h3 a4
9. b4 axb3 10. Qxb3 dxc4 11. Bxc4 b5 12. Be2 Be6 13. Qc2 Nd5 14. a3 Qb6 15. Nb3
Na6 16. Bd2 Rac8 17. Rfc1 Nf6 18. Rab1 Bf5 19. Bd3 Bxd3 20. Qxd3 Nd7 21. a4 b4
22. e4 c5 23. Qb5 Rfd8 24. dxc5 Qc6 25. Na5 Qa8 26. c6 Nf6 27. Nb7 Re8 28. e5
Ne4 29. Bxb4 Qa7 30. Be1 Rc7 31. Qd5 Ng3 32. Rc2 Nf5 33. Ba5 Rcc8 34. e6 fxe6
35. Qxe6+ Kh8 36. Bb6 Qb8 37. Ng5 Bf6 38. Ne4 Bg7 39. Qc4 Nc7 40. a5 Na8 41. Ng5
Bf6 42. Ne6 1-0

[Event "Meltwater Tour Final 2021"]
[Site "chess24.com INT"]
[Date "2021.09.28"]
[Round "4.4"]
[White "Carlsen, Magnus"]
[Black "Artemiev, Vladislav"]
[Result "0-1"]
[WhiteTitle "GM"]
[BlackTitle "GM"]
[WhiteElo "2855"]
[BlackElo "2699"]
[WhiteFideId "1503014"]
[BlackFideId "24101605"]
[EventDate "2021.09.25"]

1. e4 c5 2. Nf3 e6 3. c3 d5 4. e5 d4 5. d3 Nc6 6. g3 Nge7 7. Bg2 g6 8. O-O Bg7
9. Re1 O-O 10. c4 b6 11. Bf4 h6 12. h4 Bb7 13. Nbd2 Nf5 14. Ne4 Nb8 15. g4 Bxe4
16. Rxe4 Ne7 17. Re1 Nd7 18. Nd2 Rc8 19. Bg3 g5 20. h5 Qc7 21. Nf3 Nc6 22. Qe2
a6 23. Qe4 b5 24. b3 Qa5 25. Rec1 Qa3 26. Rc2 Rc7 27. Re1 bxc4 28. bxc4 Rb8 29.
Qe2 Rb6 30. Rd2 Rc8 31. Nh2 Ncxe5 32. f4 Nxc4 33. fxg5 Nxd2 34. gxh6 Bxh6 35. g5
Bxg5 36. Qg4 f6 37. Rxe6 Rxe6 38. Qxe6+ Kh8 39. Qxd7 Be3+ 40. Kh1 Qc1+ 41. Nf1
Rg8 42. Bh4 Bg5 43. Bxg5 Rxg5 44. Qd8+ Kh7 45. Qxf6 Rxh5+ 46. Kg1 Nxf1 47. Qf7+
Kh6 48. Qf6+ Kh7 49. Qf7+ Kh6 50. Qf8+ Kg5 51. Qxc5+ Qxc5 0-1

[Event "Meltwater Tour Final 2021"]
[Site "chess24.com INT"]
[Date "2021.09.28"]
[Round "4.4"]
[White "Duda, Jan-Krzysztof"]
[Black "Radjabov, Teimour"]
[Result "0-1"]
[WhiteTitle "GM"]
[BlackTitle "GM"]
[WhiteElo "2756"]
[BlackElo "2763"]
[WhiteFideId "1170546"]
[BlackFideId "13400924"]
[EventDate "2021.09.25"]

1. e4 c5 2. Nf3 Nc6 3. Bb5 g6 4. O-O Bg7 5. c3 Nf6 6. Re1 a6 7. Bxc6 dxc6 8. h3
O-O 9. d4 cxd4 10. cxd4 b5 11. Qc2 Bb7 12. Bg5 Nd7 13. Nbd2 Rc8 14. b4 h6 15.
Bh4 a5 16. a3 a4 17. Rad1 Nb6 18. Qc5 f6 19. Bg3 Nd7 20. Qc2 Qe8 21. Re3 e5 22.
Rd3 exd4 23. Bd6 Rf7 24. Rxd4 c5 25. bxc5 Nxc5 26. Qb1 Ne6 27. Rb4 Rd7 28. e5
Rcd8 29. Re1 fxe5 30. Bxe5 Rxd2 31. Nxd2 Rxd2 32. Bxg7 Qf7 33. Rf1 Kxg7 34. Qc1
Rd7 35. Rd1 Rxd1+ 36. Qxd1 Bc6 37. Qd6 Qd7 38. Qe5+ Kf7 39. Rg4 h5 40. Rg3 Qd1+
41. Kh2 Qd4 42. Qb8 Qxf2 43. h4 Qd4 44. Kh3 Qg1 45. Rxg6 Qh1+ 0-1

[Event "Meltwater Tour Final 2021"]
[Site "chess24.com INT"]
[Date "2021.09.29"]
[Round "5.1"]
[White "So, Wesley"]
[Black "Giri, Anish"]
[Result "0-1"]
[WhiteTitle "GM"]
[BlackTitle "GM"]
[WhiteElo "2778"]
[BlackElo "2777"]
[WhiteFideId "5202213"]
[BlackFideId "24116068"]
[EventDate "2021.09.25"]

1. Nf3 d5 2. e3 Nf6 3. b3 Bf5 4. Be2 h6 5. Ba3 Nbd7 6. c4 e6 7. Bxf8 Nxf8 8. O-O
N8d7 9. Nc3 O-O 10. d4 a5 11. a3 Qe7 12. Qc1 c6 13. Qb2 Bg4 14. h3 Bxf3 15. Bxf3
Rfd8 16. Rfd1 Nb6 17. Be2 Nc8 18. c5 b5 19. b4 a4 20. f4 Ne4 21. Nxe4 dxe4 22.
Kh2 g5 23. Rf1 f5 24. g4 Qf6 25. Qa2 Kh8 26. gxf5 exf5 27. fxg5 hxg5 28. Bg4 Ne7
29. Rxf5 Nxf5 30. Rf1 Rd5 0-1

[Event "Meltwater Tour Final 2021"]
[Site "chess24.com INT"]
[Date "2021.09.29"]
[Round "5.1"]
[White "Mamedyarov, Shakhriyar"]
[Black "Artemiev, Vladislav"]
[Result "0-1"]
[WhiteTitle "GM"]
[BlackTitle "GM"]
[WhiteElo "2762"]
[BlackElo "2699"]
[WhiteFideId "13401319"]
[BlackFideId "24101605"]
[EventDate "2021.09.25"]

1. d4 d5 2. c4 e6 3. Nc3 c5 4. cxd5 exd5 5. e4 dxe4 6. Bb5+ Bd7 7. Nge2 Bxb5 8.
Nxb5 a6 9. Nbc3 cxd4 10. Nxd4 Nf6 11. Bg5 h6 12. Bh4 Be7 13. Nf5 O-O 14. Qb3
Nbd7 15. Rd1 Qe8 16. O-O Bc5 17. Na4 Qe5 18. Qh3 Rfd8 19. Nc3 Bf8 20. Bg3 Qe6
21. Bc7 Re8 22. a3 Ne5 23. Rfe1 Rac8 24. Bd6 Rcd8 25. Bxf8 Kxf8 26. Nd4 Qxh3 0-1

[Event "Meltwater Tour Final 2021"]
[Site "chess24.com INT"]
[Date "2021.09.29"]
[Round "5.1"]
[White "Duda, Jan-Krzysztof"]
[Black "Vachier-Lagrave, Maxime"]
[Result "1/2-1/2"]
[WhiteTitle "GM"]
[BlackTitle "GM"]
[WhiteElo "2756"]
[BlackElo "2763"]
[WhiteFideId "1170546"]
[BlackFideId "623539"]
[EventDate "2021.09.25"]

1. e4 c6 2. d4 d5 3. e5 Bf5 4. Nf3 e6 5. Be2 c5 6. Be3 Qb6 7. Nc3 Nc6 8. Na4
Qa5+ 9. c3 c4 10. b4 Bxb4 11. cxb4 Nxb4 12. Nc5 Nc2+ 13. Kf1 Nxa1 14. Qxa1 Qb5
15. Nh4 Ne7 16. g4 Bg6 17. Kg2 b6 18. Nb7 O-O 19. Nd6 Qd7 20. Nxg6 Nxg6 21. h4
Ne7 22. h5 f5 23. Qb1 f4 24. Bd2 Nc6 25. Bc3 f3+ 26. Bxf3 Rf4 27. Qb2 Raf8 28.
Bd1 Rxf2+ 29. Qxf2 Rxf2+ 30. Kxf2 b5 31. a3 a5 32. Nxb5 Nxe5 33. a4 Nd3+ 34. Kg2
Qd8 35. Rf1 Qg5 36. Bxa5 Qe3 37. Bf3 Nf4+ 38. Kh1 Qd3 39. Kg1 Nh3+ 40. Kg2 Nf4+
41. Kg1 Nh3+ 42. Kg2 Nf4+ 43. Kg1 1/2-1/2

[Event "Meltwater Tour Final 2021"]
[Site "chess24.com INT"]
[Date "2021.09.29"]
[Round "5.1"]
[White "Aronian, Levon"]
[Black "Radjabov, Teimour"]
[Result "1/2-1/2"]
[WhiteTitle "GM"]
[BlackTitle "GM"]
[WhiteElo "2782"]
[BlackElo "2763"]
[WhiteFideId "13300474"]
[BlackFideId "13400924"]
[EventDate "2021.09.25"]

1. e4 e5 2. Nf3 Nc6 3. Bc4 Bc5 4. d3 Nf6 5. Nc3 h6 6. O-O O-O 7. h3 a6 8. Be3 d6
9. a4 Bxe3 10. fxe3 Be6 11. b3 Na5 12. Qe1 Nxc4 13. bxc4 a5 14. g4 Nd7 15. Qg3
g6 16. g5 h5 17. Rf2 c6 18. Rb1 Ra6 19. Nh4 Rb6 20. Rbf1 Rb4 21. Nf5 Nc5 22.
Nh6+ Kg7 23. Nd5 cxd5 24. cxd5 Bxd5 25. exd5 f5 26. Nxf5+ gxf5 27. Rxf5 Rxf5 28.
Rxf5 Nd7 29. Qf2 Qe8 30. e4 Rxa4 31. h4 Nf8 32. Rf6 Qe7 33. Qf3 Ra1+ 34. Kg2 Ng6
35. Qxh5 Nf4+ 36. Rxf4 exf4 37. Qh6+ Kg8 38. Qg6+ Kh8 39. Qh6+ Kg8 40. Qg6+ Kf8
41. Qh6+ Kg8 1/2-1/2

[Event "Meltwater Tour Final 2021"]
[Site "chess24.com INT"]
[Date "2021.09.29"]
[Round "5.2"]
[White "Artemiev, Vladislav"]
[Black "Mamedyarov, Shakhriyar"]
[Result "1/2-1/2"]
[WhiteTitle "GM"]
[BlackTitle "GM"]
[WhiteElo "2699"]
[BlackElo "2762"]
[WhiteFideId "24101605"]
[BlackFideId "13401319"]
[EventDate "2021.09.25"]

1. Nf3 Nf6 2. g3 d5 3. Bg2 e6 4. O-O b5 5. d3 Bb7 6. c4 a6 7. cxd5 Nxd5 8. a4
Be7 9. axb5 axb5 10. Rxa8 Bxa8 11. Qb3 c6 12. Nc3 O-O 13. Bd2 b4 14. Ne4 c5 15.
Rc1 Nd7 16. Be1 Bb7 17. Qd1 h6 18. Ned2 N5b6 19. Ne5 Bxg2 20. Nxd7 Qxd7 21. Kxg2
Qd5+ 22. Kg1 Ra8 23. Ra1 Ra2 24. Qb1 Rxa1 25. Qxa1 Qh5 26. Nf3 Qd5 27. Qa7 Nd7
28. Nd2 Bf6 29. Nc4 Ne5 30. Ne3 Qb3 31. Qxc5 Qxb2 32. Bxb4 Qxe2 33. Qc8+ Kh7 34.
Qc2 Qxc2 35. Nxc2 Nxd3 36. Bd2 g5 37. h3 Kg6 38. Ne1 Nb2 39. Kg2 Nc4 40. Bb4 Bd4
41. Nf3 Bb6 42. Bc3 f6 43. Nd2 Nd6 44. Bb4 Nb5 45. Nc4 Bd4 46. Ba5 Bc5 47. Nd2
Nd6 48. Bc7 Nf5 49. Ne4 Bd4 50. Bd8 Be5 51. Nc5 Kf7 52. Ne4 Bd4 53. Kf3 Ng7 54.
Nd6+ Kg6 55. g4 Be5 56. Ne4 Ne8 57. Kg2 h5 58. gxh5+ Kxh5 59. Nc5 Ng7 60. Nd7
Kg6 61. Nxe5+ fxe5 62. f3 Nf5 63. Kf2 Nh4 64. Ba5 Kf5 65. Bd2 Kg6 66. Bc3 Kf6
67. Kg3 Nf5+ 68. Kf2 Nd4 69. Bd2 Kf5 70. Bc1 Nb5 71. Kg3 Nc3 72. Bd2 Ne2+ 73.
Kf2 Nf4 74. Kg3 Nh5+ 75. Kf2 Nf6 76. Bc3 Nd7 77. Kg3 Nf8 78. Bd2 Ng6 79. Be3 Nf4
80. Bd2 Ne2+ 81. Kf2 Nd4 82. Kg3 Nb3 83. Be3 Na5 84. h4 gxh4+ 85. Kxh4 e4 86.
Kg3 exf3 87. Kxf3 Nc4 88. Bd4 e5 89. Bxe5 Nxe5+ 1/2-1/2

[Event "Meltwater Tour Final 2021"]
[Site "chess24.com INT"]
[Date "2021.09.29"]
[Round "5.2"]
[White "Radjabov, Teimour"]
[Black "Aronian, Levon"]
[Result "1-0"]
[WhiteTitle "GM"]
[BlackTitle "GM"]
[WhiteElo "2763"]
[BlackElo "2782"]
[WhiteFideId "13400924"]
[BlackFideId "13300474"]
[EventDate "2021.09.25"]

1. e4 e5 2. Bc4 Nf6 3. d3 Nc6 4. Nf3 Bc5 5. c3 O-O 6. Nbd2 a5 7. O-O d6 8. h3
Be6 9. Bb5 Ba7 10. Re1 Ne7 11. Nf1 c6 12. Ba4 b5 13. Bc2 a4 14. d4 Ng6 15. a3
Bb6 16. Ng3 h6 17. Be3 c5 18. Nf5 cxd4 19. cxd4 Ba5 20. Bd2 Bxd2 21. Qxd2 Qb6
22. Rad1 Rac8 23. Bb1 Rfd8 24. Qe3 Kf8 25. Nxg7 Kxg7 26. dxe5 Qxe3 27. exf6+
Kxf6 28. Rxe3 Rc5 29. Nd4 Rdc8 30. Ree1 Ne5 31. f4 Nc4 32. Re2 Na5 33. Kh2 Nb3
34. Nxb3 axb3 35. Rxd6 Rc2 36. Rdd2 Rc1 37. e5+ Ke7 38. Be4 Rf1 39. Rf2 Re1 40.
Bd3 Bc4 41. Bf5 Rd8 42. Rxd8 Kxd8 43. Rd2+ Ke7 44. Kg3 Rf1 45. Bg4 Rc1 46. f5 f6
47. e6 Rc2 48. Rd7+ 1-0

[Event "Meltwater Tour Final 2021"]
[Site "chess24.com INT"]
[Date "2021.09.29"]
[Round "5.2"]
[White "Vachier-Lagrave, Maxime"]
[Black "Duda, Jan-Krzysztof"]
[Result "1-0"]
[WhiteTitle "GM"]
[BlackTitle "GM"]
[WhiteElo "2763"]
[BlackElo "2756"]
[WhiteFideId "623539"]
[BlackFideId "1170546"]
[EventDate "2021.09.25"]

1. e4 c6 2. Nf3 d5 3. d3 dxe4 4. dxe4 Qxd1+ 5. Kxd1 Nf6 6. Nfd2 g5 7. a4 Rg8 8.
a5 Be6 9. Nc3 Nbd7 10. Bc4 Nc5 11. Bxe6 Nxe6 12. Nb3 Ng4 13. Ke2 Bg7 14. h3 Ne5
15. g3 Nc4 16. Ra4 Nd6 17. Nd1 Kd7 18. Ne3 b5 19. axb6 axb6 20. Rxa8 Rxa8 21.
Rd1 Ke8 22. Nf5 Nxe4 23. f3 Nd6 24. Nxd6+ exd6 25. Rxd6 Rc8 26. Rd1 c5 27. c3 c4
28. Nd2 f5 29. Nf1 Bf8 30. f4 h6 31. fxg5 hxg5 32. h4 gxh4 33. gxh4 Be7 34. h5
Rc5 35. Kf3 f4 36. Re1 Kf7 37. Nd2 b5 38. Rh1 Rd5 39. Ne4 b4 40. h6 Kg8 41. cxb4
Kh7 42. Bd2 Ng5+ 43. Nxg5+ Bxg5 44. Bxf4 Rd3+ 45. Ke4 Bxf4 46. Kxf4 Rd2 47. Rc1
Kxh6 48. Rxc4 Kg6 49. Ke5 Kf7 50. Rd4 Rc2 51. Kd5 Ke7 52. Rc4 Rxb2 53. Kc6 Kd8
54. Kb6 1-0